[Event "22nd Hogeschool Zeeland Tournament"]
[Site "Vlissingen"]
[Date "2018.08.07"]
[Round "5.35"]
[White "Elgersma, Onno"]
[Black "De Zwart, Johan"]
[Result "1/2-1/2"]
[WhiteElo "2171"]
[BlackElo "1982"]
[PlyCount "91"]
[EventDate "2018.08.04"]
[EventType "swiss"]
[EventRounds "9"]
[EventCountry "NED"]

1. e4 e5 2. Nf3 Nc6 3. d4 exd4 4. Nxd4 Nf6 5. Nxc6 bxc6 6. e5 Qe7 7. Qe2 Nd5 8.
h4 f6 9. c4 Ba6 10. Rh3 Nb6 11. exf6 Qxe2+ 12. Bxe2 Bxc4 13. Bxc4 Nxc4 14. b3
Nb6 15. Bb2 Bb4+ 16. Kf1 gxf6 17. Bxf6 Rf8 18. Re3+ Kf7 19. Bd4 Nd5 20. Rf3+
Ke7 21. Rxf8 Kxf8 22. a3 Ba5 23. Ra2 Re8 24. Re2 Bb6 25. Bg7+ Kf7 26. Rxe8 Kxe8
27. Be5 Bc5 28. g4 Kf7 29. Ke2 Ke6 30. Bg3 Ke7 31. f4 h5 32. g5 Kf7 33. Kf3 Bd6
34. Bf2 a6 35. Nd2 Nxf4 36. Nc4 Nd3 37. Be3 Ne5+ 38. Nxe5+ Bxe5 39. Bf2 Bd6 40.
a4 Be7 41. Bg3 Bd8 42. Bh2 d5 43. Bg1 Ke7 44. Bh2 Ke6 45. Bg1 Ke5 46. Bh2+
1/2-1/2

[Event "22nd Hogeschool Zeeland Tournament"]
[Site "Vlissingen"]
[Date "2018.08.07"]
[Round "5.36"]
[White "Van Dijkhuizen, Robbert"]
[Black "Stange, Sven"]
[Result "1/2-1/2"]
[WhiteElo "1845"]
[BlackElo "2161"]
[PlyCount "40"]
[EventDate "2018.08.04"]
[EventType "swiss"]
[EventRounds "9"]
[EventCountry "NED"]

1. d4 Nf6 2. c4 e6 3. Nc3 Bb4 4. e3 b6 5. Nge2 Ba6 6. a3 Bxc3+ 7. Nxc3 d5 8. b3
O-O 9. Be2 Nc6 10. O-O dxc4 11. bxc4 Na5 12. Qa4 Qd7 13. Qb4 Rac8 14. Bb2 c5
15. dxc5 Rxc5 16. Nb5 Nc6 17. Qb3 Na5 18. Qb4 Nc6 19. Qb3 Na5 20. Qb4 Nc6
1/2-1/2

[Event "22nd Hogeschool Zeeland Tournament"]
[Site "Vlissingen"]
[Date "2018.08.07"]
[Round "5.37"]
[White "Lopez-Rojas, Jeffrey"]
[Black "Mensing, Andrew"]
[Result "1-0"]
[WhiteElo "2156"]
[BlackElo "1964"]
[PlyCount "53"]
[EventDate "2018.08.04"]
[EventType "swiss"]
[EventRounds "9"]
[EventCountry "NED"]

1. d4 Nf6 2. c4 c5 3. d5 e6 4. Nc3 exd5 5. cxd5 d6 6. g3 g6 7. Bg2 Bg7 8. Nf3
Bd7 9. Bf4 Qe7 10. Qb3 b6 11. O-O O-O 12. Nd2 Nh5 13. Nc4 Nxf4 14. gxf4 Bg4 15.
Rae1 g5 16. fxg5 Qxg5 17. Ne4 Qh5 18. h3 Bd7 19. Nexd6 Na6 20. e4 Bd4 21. Kh2
Kh8 22. f4 Rg8 23. Qf3 Qg6 24. e5 b5 25. Na3 Rg7 26. Naxb5 Rag8 27. Re2 1-0

[Event "22nd Hogeschool Zeeland Tournament"]
[Site "Vlissingen"]
[Date "2018.08.07"]
[Round "5.38"]
[White "Mesman, Edwyn"]
[Black "Westerweele, Henrik"]
[Result "1-0"]
[WhiteElo "2154"]
[BlackElo "1956"]
[PlyCount "81"]
[EventDate "2018.08.04"]
[EventType "swiss"]
[EventRounds "9"]
[EventCountry "NED"]

1. d4 e6 2. c4 f5 3. Nf3 Nf6 4. g3 Be7 5. Bg2 O-O 6. O-O d6 7. b3 Ne4 8. Bb2
Bf6 9. Nbd2 Nc6 10. e3 Bd7 11. Ne1 Nxd2 12. Qxd2 Qe8 13. Nd3 Nd8 14. Rae1 e5
15. dxe5 dxe5 16. e4 fxe4 17. Nc5 Bc6 18. Nxe4 Nf7 19. f4 Qd8 20. Nxf6+ gxf6
21. Qe2 Bxg2 22. Kxg2 Qd7 23. fxe5 Qc6+ 24. Qe4 Qxe4+ 25. Rxe4 Nxe5 26. Bxe5
fxe5 27. Rxe5 Rxf1 28. Kxf1 Rf8+ 29. Ke2 Rf7 30. a4 Rd7 31. Rd5 Re7+ 32. Kd2
Kf7 33. a5 a6 34. b4 c6 35. Rd4 Kf6 36. Kd3 Kf5 37. Rf4+ Kg6 38. Kd4 Kg7 39.
Kc5 Rd7 40. Rd4 Rf7 41. Kd6 1-0

[Event "22nd Hogeschool Zeeland Tournament"]
[Site "Vlissingen"]
[Date "2018.08.07"]
[Round "5.39"]
[White "Hesse, Henrik"]
[Black "Reichardt, Robin"]
[Result "1-0"]
[WhiteElo "2137"]
[BlackElo "1942"]
[PlyCount "107"]
[EventDate "2018.08.04"]
[EventType "swiss"]
[EventRounds "9"]
[EventCountry "NED"]

1. c4 e6 2. g3 d5 3. Bg2 Nf6 4. Nf3 dxc4 5. Qa4+ Bd7 6. Qxc4 c5 7. Ne5 Qc8 8.
d3 Nc6 9. Nxd7 Qxd7 10. Bg5 Be7 11. Nd2 Rc8 12. O-O b6 13. Rfe1 O-O 14. Rac1 h6
15. Bxf6 Bxf6 16. Bxc6 Rxc6 17. b4 Rfc8 18. b5 R6c7 19. Ne4 Be7 20. a4 Qd4 21.
Rc2 Rd8 22. Rec1 Rcd7 23. Qa2 Qd5 24. a5 Qxa2 25. Rxa2 Rb8 26. axb6 axb6 27.
Nd2 Bg5 28. f4 Bd8 29. Nc4 f6 30. Ra6 Kf8 31. Rca1 Ke7 32. Ra7 Rbb7 33. Ra8 Kf7
34. R1a6 Ke7 35. Kf2 g5 36. Kf3 Kf7 37. Rc8 Ke7 38. Rc6 Rb8 39. Nxb6 Rdb7 40.
Nc8+ Kf8 41. Nd6 Rb6 42. Rcxb6 Rxb6 43. Rxb6 Bxb6 44. fxg5 hxg5 45. h4 gxh4 46.
gxh4 f5 47. Nc4 Bc7 48. b6 Bh2 49. b7 Ke7 50. h5 Kf6 51. Na5 e5 52. e4 fxe4+
53. dxe4 c4 54. Nxc4 1-0

[Event "22nd Hogeschool Zeeland Tournament"]
[Site "Vlissingen"]
[Date "2018.08.07"]
[Round "5.40"]
[White "Merbis, Max"]
[Black "Heuveling, Gijs-Cor"]
[Result "1-0"]
[WhiteElo "2136"]
[BlackElo "1943"]
[PlyCount "72"]
[EventDate "2018.08.04"]
[EventType "swiss"]
[EventRounds "9"]
[EventCountry "NED"]

1. d4 Nf6 2. c4 e6 3. Nc3 d5 4. cxd5 exd5 5. Bg5 Be7 6. e3 O-O 7. Bd3 Re8 8.
Nge2 c6 9. O-O Nbd7 10. Qc2 h6 11. Bh4 c5 12. dxc5 Qa5 13. a3 Qxc5 14. b4 Qb6
15. Rac1 a6 16. Rfd1 Rd8 17. Bg3 Kh8 18. h3 Nf8 19. Na4 Qc6 20. Qb3 Qe8 21. Nb6
Bd7 22. Nc3 d4 23. exd4 Rac8 24. d5 Nh5 25. Nxc8 Rxc8 26. Ne4 f5 27. Rxc8 Bxc8
28. Nd6 Bxd6 29. Bxd6 Ng6 30. Qc2 Qd7 31. Rc1 Qxd6 32. Qxc8+ Kh7 33. Qe6 Qf4
34. Rc8 Nf6 35. Qxf5 Qxf5 36. Bxf5 Nxd5 1-0

[Event "22nd Hogeschool Zeeland Tournament"]
[Site "Vlissingen"]
[Date "2018.08.07"]
[Round "5.41"]
[White "Coenen, Eduard"]
[Black "Tibke, Jonas"]
[Result "1-0"]
[WhiteElo "2118"]
[BlackElo "1921"]
[PlyCount "57"]
[EventDate "2018.08.04"]
[EventType "swiss"]
[EventRounds "9"]
[EventCountry "NED"]

1. d4 Nf6 2. c3 e6 3. Bg5 b6 4. Nd2 Bb7 5. Ngf3 c5 6. e3 Nc6 7. dxc5 bxc5 8.
Ne4 d5 9. Nxf6+ gxf6 10. Bh4 Bg7 11. e4 dxe4 12. Nd2 e3 13. fxe3 O-O 14. Ne4
Qe7 15. Qd6 Qxd6 16. Nxd6 Rab8 17. O-O-O Ne5 18. Be2 Bd5 19. c4 Rfd8 20. cxd5
Rxd6 21. dxe6 Rxd1+ 22. Rxd1 fxe6 23. Bg3 f5 24. b3 Rb7 25. Rd8+ Kf7 26. Rc8
Nd7 27. Bf3 Rb6 28. Rc7 Ke7 29. Bc6 1-0

[Event "22nd Hogeschool Zeeland Tournament"]
[Site "Vlissingen"]
[Date "2018.08.07"]
[Round "5.42"]
[White "Oosterom, Erik"]
[Black "Anusha N L V"]
[Result "1/2-1/2"]
[WhiteElo "2113"]
[BlackElo "1898"]
[PlyCount "42"]
[EventDate "2018.08.04"]
[EventType "swiss"]
[EventRounds "9"]
[EventCountry "NED"]

1. Nf3 d5 2. d4 Nf6 3. c4 c6 4. Nc3 e6 5. e3 Nbd7 6. Qc2 b6 7. Be2 Bb7 8. O-O
Be7 9. b3 O-O 10. Bb2 Rc8 11. Rad1 Qc7 12. Qb1 Qb8 13. e4 dxe4 14. Nxe4 Nxe4
15. Qxe4 c5 16. d5 Nf6 17. Qe3 Ng4 18. Qe4 Nf6 19. Qe3 Ng4 20. Qe4 Nf6 21. Qe3
Ng4 1/2-1/2

[Event "22nd Hogeschool Zeeland Tournament"]
[Site "Vlissingen"]
[Date "2018.08.07"]
[Round "5.43"]
[White "Gutkind, Kedem"]
[Black "Van Roestel, Jan"]
[Result "1-0"]
[WhiteElo "2099"]
[BlackElo "1702"]
[PlyCount "65"]
[EventDate "2018.08.04"]
[EventType "swiss"]
[EventRounds "9"]
[EventCountry "NED"]

1. e4 e6 2. d4 d5 3. Nd2 Nf6 4. e5 Nfd7 5. Bd3 c5 6. c3 Nc6 7. Ne2 f6 8. exf6
Qxf6 9. Nf3 Bd6 10. Bg5 Qf7 11. O-O O-O 12. Bh4 e5 13. Ng5 Qh5 14. Bxh7+ Kh8
15. Nf4 Qxh7 16. Nxh7 Rxf4 17. Qh5 Rxh4 18. Qxh4 Kg8 19. Qh5 cxd4 20. Ng5 Nf6
21. Qf7+ Kh8 22. Ne6 Bxe6 23. Qxe6 Rd8 24. Rad1 dxc3 25. Rd3 Ne7 26. Rh3+ Nh7
27. bxc3 d4 28. Rd1 Ng8 29. Kf1 Bc7 30. g4 Rd6 31. Qf7 Bb6 32. g5 g6 33. Rxh7#
1-0

[Event "22nd Hogeschool Zeeland Tournament"]
[Site "Vlissingen"]
[Date "2018.08.07"]
[Round "5.44"]
[White "Lukas, Anne"]
[Black "Kalisvaart, Peter"]
[Result "1/2-1/2"]
[WhiteElo "1844"]
[BlackElo "2090"]
[PlyCount "67"]
[EventDate "2018.08.04"]
[EventType "swiss"]
[EventRounds "9"]
[EventCountry "NED"]

1. d4 d5 2. c4 e6 3. Nc3 Nf6 4. Nf3 Be7 5. Bg5 O-O 6. e3 h6 7. Bh4 b6 8. cxd5
exd5 9. Bd3 Bb7 10. O-O c5 11. dxc5 bxc5 12. Qb3 Bc6 13. Ne5 c4 14. Nxc6 Nxc6
15. Qa4 cxd3 16. Qxc6 d4 17. exd4 Qxd4 18. Qa4 Qxa4 19. Nxa4 Rfd8 20. Rad1 Rac8
21. Bxf6 Bxf6 22. Rd2 Rc4 23. b3 Rc2 24. Rfd1 Bg5 25. f4 Rxd2 26. Rxd2 Bxf4 27.
Rd1 Be5 28. g3 h5 29. Kg2 h4 30. Nc5 hxg3 31. hxg3 d2 32. Ne4 f5 33. Rxd2 Rxd2+
34. Nxd2 1/2-1/2

[Event "22nd Hogeschool Zeeland Tournament"]
[Site "Vlissingen"]
[Date "2018.08.07"]
[Round "5.45"]
[White "Rosmuller, Anton"]
[Black "Andel, Daniel"]
[Result "1-0"]
[WhiteElo "2069"]
[BlackElo "1701"]
[PlyCount "62"]
[EventDate "2018.08.04"]
[EventType "swiss"]
[EventRounds "9"]
[EventCountry "NED"]

1. d4 d6 2. Nf3 Nf6 3. c4 Nbd7 4. Nc3 e5 5. e4 c6 6. Be2 Qc7 7. O-O Be7 8. h3
h6 9. Re1 g5 10. Nh2 Nf8 11. Be3 Ng6 12. Ng4 h5 13. Nxf6+ Bxf6 14. d5 Nf4 15.
b4 g4 16. hxg4 hxg4 17. Rc1 Qd7 18. Bf1 Bg5 19. Bxf4 Bxf4 20. g3 Bxc1 21. dxc6
bxc6 22. Qxc1 f6 23. Rd1 Ba6 24. b5 cxb5 25. Nd5 Kf7 26. cxb5 Bxb5 27. Bxb5
Qxb5 28. Qc7+ Kg6 29. Ne7+ Kg5 30. Qc1+ Kh5 31. Kg2 Qe2 1-0

[Event "22nd Hogeschool Zeeland Tournament"]
[Site "Vlissingen"]
[Date "2018.08.07"]
[Round "5.46"]
[White "Hoeneveld, Maarten"]
[Black "Muenk, Johannes"]
[Result "1-0"]
[WhiteElo "2066"]
[BlackElo "1557"]
[PlyCount "131"]
[EventDate "2018.08.04"]
[EventType "swiss"]
[EventRounds "9"]
[EventCountry "NED"]

1. e4 c5 2. d4 cxd4 3. c3 g6 4. Nf3 Bg7 5. cxd4 d5 6. e5 Nh6 7. Nc3 O-O 8. Bd3
Nc6 9. Qb3 Nf5 10. Bxf5 Bxf5 11. Qxb7 Na5 12. Qxd5 Qb6 13. O-O Rac8 14. Re1 a6
15. Na4 Qb4 16. Bd2 Qxa4 17. Qxa5 Qxa5 18. Bxa5 Rc2 19. Bc3 Bh6 20. h3 Be6 21.
Red1 Bd5 22. Ne1 Re2 23. Nd3 Rc8 24. Re1 Rxe1+ 25. Rxe1 Bxa2 26. Nb4 Bc4 27.
Ra1 e6 28. Ra5 Ra8 29. Rc5 Bb5 30. Rc7 Bf8 31. Nc6 Bxc6 32. Rxc6 a5 33. Rb6 a4
34. Bb4 Bxb4 35. Rxb4 a3 36. bxa3 Rxa3 37. Kh2 Rd3 38. f3 Kf8 39. Kg3 Rd2 40.
f4 h5 41. Kf3 Rd3+ 42. Ke4 Rd2 43. g4 hxg4 44. hxg4 Rg2 45. Kf3 Rd2 46. f5 gxf5
47. gxf5 exf5 48. Kf4 Rf2+ 49. Kg5 Rg2+ 50. Kxf5 Rf2+ 51. Ke4 Rh2 52. Kd5 Rh6
53. Kc5 Ke7 54. Rb7+ Ke8 55. Rb6 Rh2 56. d5 Rc2+ 57. Kd6 Rc8 58. Rb7 Rd8+ 59.
Kc6 Rc8+ 60. Rc7 Rb8 61. d6 Rd8 62. Re7+ Kf8 63. Rd7 Rc8+ 64. Kb7 Re8 65. Rc7
Rd8 66. Rc8 1-0